Famous Bible Quotes Quiz Stats

 Plays Quiz not verified by Sporcle

Challenge
Share
Tweet
Embed
Score 0/25 Timer 05:00
0 Plays Today
% Correct
John 3:16
73.4%
Exodus 20:13
71.2%
Acts 2:42
60.7%
Jeremiah 29:11
60.3%
Isaiah 53:5
53.9%
Romans 8:28
52.3%
Revelation 21:4
51.9%
Philippians 4:6
51.4%
Job 19:26
49.5%
Matthew 11:28
49.1%
Psalm 119:105
48.6%
John 14:6
48.1%
Deuteronomy 6:6
44.5%
% Correct
Hebrews 12:1
44.4%
Romans 5:10
43%
James 1:5
43%
John 10:10
42.5%
Mark 10:45
39.7%
Revelation 3:20
39.3%
Ezekiel 36:26
37.9%
1 Peter 1:3
34.6%
Psalm 113:3
34.1%
Nehemiah 8:10
34%
Revelation 4:11
29.8%
Psalm 32:8
25.2%

You're not logged in!

Compare scores with friends on all Sporcle quizzes.
Join for Free
OR
Log In

You Might Also Like...

Show Comments

Extras

Top Quizzes Today


Score Distribution

Your Account Isn't Verified!

In order to create a playlist on Sporcle, you need to verify the email address you used during registration. Go to your Sporcle Settings to finish the process.

Report this User

Report this user for behavior that violates our Community Guidelines.

Details: